Mamluk administrative documents from St. Catherine's monastery /

محفوظ في:

المؤلف الرئيسي: Richards, D. S. 1935- (مؤلف)

التنسيق: كتاب

اللغة: English
Arabic

منشور في: Leuven ; Walpole, MA : Peeters, 2011.

سلاسل: Mémoires (Association pour la promotion de l'histoire et de l'archéologie orientales) ; 5.
A.P.H.A. memoires ; 5.

الموضوعات:

الوسوم: إضافة وسم

لا توجد وسوم, كن أول من يضع وسما على هذه التسجيلة!

رقم الطلب: DS97.4 .R535 2011

LEADER 01419namaa2200361 4500
001 22638
003 OSt
005 20211202082750.0
008 130303s2011 be fh g b 001 0 eng d
952 |0 0  |1 0  |2 lcc  |4 0  |6 DS00974 R535 02011  |7 1  |9 23618  |a ARCE  |b ARCE  |d 2021-12-02  |l 0  |o DS97.4 .R535 2011  |p 1013975  |r 2021-12-02 00:00:00  |w 2021-12-02  |y BK 
999 |c 28664  |d 28664 
010 |a 2011415243 
020 |a 9789042923331 (pbk.) 
020 |a 9042923334 (pbk.) 
040 |c ARCE Library 
041 0 |a eng  |a ara 
050 4 |a DS97.4 .R535 2011 
100 1 |a Richards, D. S.  |q (Donald Sidney),  |d 1935-  |e author 
245 1 0 |a Mamluk administrative documents from St. Catherine's monastery /  |c D. S. Richards. 
264 1 |a Leuven ;   |a Walpole, MA :   |b Peeters,   |c 2011. 
300 |a 148 pages, xlvi pages of plates :   |b 46 facsimiles on plates ;   |c 30 cm. 
490 1 |a Mémoires (Association pour la promotion de l'histoire et de l'archéologie orientales) ;   |v 5. 
490 1 |a A.P.H.A. memoires ;   |v 5. 
500 |a Source materials. 
504 |a Includes bibliographical references. 
546 |a In English and Arabic. 
610 2 0 |a Saint Catherine Monastery (Mount Sinai)  
650 0 |a Mamelukes. 
650 0 |a Manuscripts, Arabic. 
830 0 |a Mémoires (Association pour la promotion de l'histoire et de l'archéologie orientales) ;   |v 5. 
830 0 |a A.P.H.A. memoires ;   |v 5. 
901 |a reviewed 
942 |c BK  |2 lcc